<?xml version="1.0" encoding="UTF-8"?><?xml-stylesheet type="text/xsl" href="static/style.xsl"?><OAI-PMH xmlns="http://www.openarchives.org/OAI/2.0/" xmlns:xsi="http://www.w3.org/2001/XMLSchema-instance" xsi:schemaLocation="http://www.openarchives.org/OAI/2.0/ http://www.openarchives.org/OAI/2.0/OAI-PMH.xsd"><responseDate>2026-06-03T22:43:25Z</responseDate><request verb="GetRecord" identifier="oai:riuma.uma.es:10630/29591" metadataPrefix="marc">https://riuma.uma.es/rest/oai/request</request><GetRecord><record><header><identifier>oai:riuma.uma.es:10630/29591</identifier><datestamp>2026-02-03T11:06:57Z</datestamp><setSpec>com_10630_2254</setSpec><setSpec>col_10630_37953</setSpec></header><metadata><record xmlns="http://www.loc.gov/MARC21/slim" xmlns:dcterms="http://purl.org/dc/terms/" xmlns:doc="http://www.lyncode.com/xoai" xmlns:xsi="http://www.w3.org/2001/XMLSchema-instance" xsi:schemaLocation="http://www.loc.gov/MARC21/slim http://www.loc.gov/standards/marcxml/schema/MARC21slim.xsd">
   <leader>00925njm 22002777a 4500</leader>
   <datafield ind2=" " ind1=" " tag="042">
      <subfield code="a">dc</subfield>
   </datafield>
   <datafield ind2=" " ind1=" " tag="720">
      <subfield code="a">Cano-García, Josefa</subfield>
      <subfield code="e">author</subfield>
   </datafield>
   <datafield ind2=" " ind1=" " tag="720">
      <subfield code="a">Alonso-Calero, José María</subfield>
      <subfield code="e">author</subfield>
   </datafield>
   <datafield ind2=" " ind1=" " tag="260">
      <subfield code="c">2023-12</subfield>
   </datafield>
   <datafield ind2=" " ind1=" " tag="520">
      <subfield code="a">La innovación en Berrocal se plasma a través de muchos diferentes aspectos que van desde lo formal y la condición matérica de la obra hasta otros más relacionados con la visión del artista como emprendedor; observamos que, más allá de la condición de&#xd;
obra artística, y abordando la multiplicidad del producto, es a través del packaging donde quedan plasmadas las ocho claves para entender la obra de Berrocal: el vacío, la inspiración en las ciencias, la desmontabilidad, la abstracción y figuración, estética&#xd;
interactiva, las técnicas, la multiplicación y el proyecto.&#xd;
El packaging ejerce como campo expandido de la multiplicidad en la obra de Berrocal, que trasciende hasta ser expresión de la extensión múltiple de su propia obra, que analizamos a través de sus ocho claves como ejes de una matriz de análisis: como&#xd;
extensión y compendio de las aportaciones innovadoras de Berrocal. Esta dimensión expandida queda reflejada en como la obra escultórica se proyecta como un múltiple en diferentes facetas, de las cuales podemos extraer 3 etapas: extendida, interactiva&#xd;
y multiplicativa.</subfield>
   </datafield>
   <datafield ind1="8" ind2=" " tag="024">
      <subfield code="a">Alonso Calero, J. M. y Cano García, J., (2023). La dimensión múltiple de lo expandido en la obra de Berrocal a través del packaging. I+Diseño. Revista Científica de Invetigación y Desarrollo en Diseño, 18, 97-114. DOI: 10.24310/ idiseo.18.2023.16538</subfield>
   </datafield>
   <datafield ind1="8" ind2=" " tag="024">
      <subfield code="a">1889-433X</subfield>
   </datafield>
   <datafield ind1="8" ind2=" " tag="024">
      <subfield code="a">https://hdl.handle.net/10630/29591</subfield>
   </datafield>
   <datafield ind1="8" ind2=" " tag="024">
      <subfield code="a">DOI: 10.24310/ idiseo.18.2023.16538</subfield>
   </datafield>
   <datafield tag="653" ind2=" " ind1=" ">
      <subfield code="a">Berrocal, Miguel (1933-2006)</subfield>
   </datafield>
   <datafield tag="653" ind2=" " ind1=" ">
      <subfield code="a">Escultura - 19..</subfield>
   </datafield>
   <datafield ind2="0" ind1="0" tag="245">
      <subfield code="a">La dimensión múltiple de lo expandido en la obra de Berrocal a través del packaging</subfield>
   </datafield>
</record>
</metadata></record></GetRecord></OAI-PMH>